[Event "28th Hoogeveen op"]
[Site "Hoogeveen NED"]
[Date "2025.10.20"]
[Round "3.14"]
[White "Aamuktha, Guntaka"]
[Black "Mostertman, Milan"]
[Result "1/2-1/2"]
[WhiteElo "2069"]
[BlackElo "2236"]
[EventDate "2025.10.18"]
[PlyCount "84"]

1.e4 c5 2.Nf3 Nc6 3.Bb5 e6 4.O-O Nge7 5.c3 a6 6.Ba4 b5 7.Bc2 c4 8.d4 cxd3 
9.Bxd3 Ng6 10.Re1 Bb7 11.Nbd2 Qc7 12.Nb3 Bd6 13.Bf1 Nce5 14.Nxe5 Bxe5 15.
g3 O-O 16.Bg2 Rad8 17.Qe2 Bf6 18.h4 Ne5 19.Bf4 Qc8 20.Na5 Ba8 21.a4 Qb8 
22.axb5 axb5 23.Bf1 b4 24.Nc4 d6 25.Nxe5 Bxe5 26.Bd2 bxc3 27.Bxc3 Bxc3 28.
bxc3 d5 29.exd5 Bxd5 30.c4 Ba8 31.Bg2 Bxg2 32.Kxg2 Rc8 33.Qe4 Rc5 34.Reb1 
Qc8 35.Rb4 f5 36.Qb7 Rxc4 37.Ra7 Qxb7+ 38.Rbxb7 Rg4 39.Re7 Rg6 40.h5 Rg5 
41.h6 gxh6 42.Rxe6 f4 1/2-1/2

[Event "28th Hoogeveen op"]
[Site "Hoogeveen NED"]
[Date "2025.10.20"]
[Round "3.15"]
[White "Van Batenburg, Mees"]
[Black "Hoffman, Ron"]
[Result "1-0"]
[WhiteElo "2231"]
[BlackElo "2027"]
[EventDate "2025.10.18"]
[PlyCount "79"]

1.e4 c6 2.d4 d5 3.e5 c5 4.Nf3 e6 5.c3 Nc6 6.Bd3 Nge7 7.Na3 cxd4 8.cxd4 Nf5
9.Nc2 Qb6 10.O-O Bd7 11.g4 Nh6 12.h3 f6 13.b4 Nf7 14.b5 Na5 15.Re1 Be7 16.
Bf4 O-O 17.exf6 gxf6 18.Ne3 Bd6 19.Ng2 e5 20.dxe5 fxe5 21.Nxe5 Nxe5 22.
Bxe5 Qxf2+ 23.Kh2 Bxe5+ 24.Rxe5 Rf3 25.Qe1 Qxe1 26.Nxe1 Rf7 27.Rxd5 Rc8 
28.Ng2 Be6 29.Rd6 Rc3 30.Be4 Bc4 31.Bf5 Re7 32.Nf4 Rf3 33.Ne6 Bxe6 34.Rxe6
Rc7 35.Be4 Rf2+ 36.Kg3 Rd2 37.Rf1 Rc3+ 38.Kh4 Rc7 39.Re5 Nc4 40.Rg5+ 1-0

[Event "28th Hoogeveen op"]
[Site "Hoogeveen NED"]
[Date "2025.10.20"]
[Round "3.16"]
[White "Abel, Sajan"]
[Black "Kazarjan, Gachatur"]
[Result "0-1"]
[WhiteElo "2046"]
[BlackElo "2192"]
[EventDate "2025.10.18"]
[PlyCount "100"]

1.e4 c5 2.Nf3 d6 3.d4 cxd4 4.Nxd4 Nf6 5.Nc3 g6 6.Be3 Nc6 7.f3 h5 8.h3 Bd7 
9.f4 Bg7 10.Bd3 Nxd4 11.Bxd4 e5 12.fxe5 dxe5 13.Be3 O-O 14.O-O Bc6 15.Qf3 
Qa5 16.Kh2 Qb4 17.Rab1 Rac8 18.a3 Qd6 19.Bxa7 b6 20.Qe3 Nd7 21.Bxb6 Bxe4 
22.Nxe4 Qxb6 23.Qxb6 Nxb6 24.Nf6+ Kh8 25.g4 hxg4 26.hxg4 Bh6 27.Kg2 Kg7 
28.Ne4 Bf4 29.g5 Nc4 30.Kf3 Ne3 31.Rf2 Rh8 32.c3 Nf5 33.Bf1 Rh4 34.Nf6 
Bxg5 35.Nd5 e4+ 36.Ke2 Ng3+ 37.Ke1 Rh1 38.Rd1 e3 39.Nxe3 Bxe3 40.Rf3 Nxf1 
41.Rxf1 Rxf1+ 42.Kxf1 g5 43.Rd3 Bc1 44.b3 Bxa3 45.Ke2 f5 46.Rd7+ Kf6 47.
Kd3 Be7 48.b4 Rd8 49.Rxd8 Bxd8 50.c4 Ke5 0-1

[Event "28th Hoogeveen op"]
[Site "Hoogeveen NED"]
[Date "2025.10.20"]
[Round "3.17"]
[White "Ten Dam, Bram"]
[Black "Valiente, Paulo"]
[Result "1-0"]
[WhiteElo "2185"]
[BlackElo "2017"]
[EventDate "2025.10.18"]
[PlyCount "119"]

1.e4 c6 2.d4 d5 3.e5 Bf5 4.Nf3 e6 5.Be2 Ne7 6.c3 Nd7 7.O-O a6 8.Nbd2 h6 9.
Re1 Bh7 10.Nf1 Nf5 11.Bd3 Be7 12.h3 Nf8 13.Ne3 Nxe3 14.Bxe3 Bxd3 15.Qxd3 
Nd7 16.Nh2 Qc7 17.f4 g6 18.a4 a5 19.Rac1 Qb6 20.Qc2 Qa6 21.Nf3 b5 22.Bf2 
Nb6 23.axb5 cxb5 24.Bh4 a4 25.Bxe7 Kxe7 26.Ra1 Rhc8 27.Qf2 h5 28.Qh4+ Kf8 
29.Ng5 Qa7 30.f5 gxf5 31.Nh7+ Ke8 32.Nf6+ Kd8 33.Nxd5+ Ke8 34.Nf6+ Kd8 35.
Ne4+ Qe7 36.Qxe7+ Kxe7 37.Nd6 Rcb8 38.Ra2 Nd5 39.Rea1 f6 40.Rd1 fxe5 41.
dxe5 Nf4 42.Raa1 Ng6 43.Rd2 Nxe5 44.Nxf5+ Kf6 45.Nd4 Rb6 46.Rf1+ Ke7 47.
Re2 Nc4 48.Rf5 Nxb2 49.Rxh5 a3 50.Rh7+ Kf6 51.Rf2+ Ke5 52.Rh5+ Ke4 53.Nb3 
Kd3 54.Rf3+ Kc2 55.Nd4+ Kc1 56.Re5 a2 57.Re2 a1=Q 58.Rf1+ Nd1 59.Nb3+ Kb1 
60.Nd4 1-0

[Event "28th Hoogeveen op"]
[Site "Hoogeveen NED"]
[Date "2025.10.20"]
[Round "3.18"]
[White "Moskalets, Sofiia"]
[Black "Timmermans, Raymond"]
[Result "1/2-1/2"]
[WhiteElo "2176"]
[BlackElo "2013"]
[EventDate "2025.10.18"]
[PlyCount "125"]

1.e4 e6 2.d4 d5 3.Nd2 c5 4.exd5 Qxd5 5.Ngf3 cxd4 6.Bc4 Qd6 7.O-O Nf6 8.Nb3
Nc6 9.Nbxd4 Nxd4 10.Nxd4 a6 11.Re1 Qc7 12.Bb3 Bd6 13.Nf5 Bxh2+ 14.Kh1 O-O 
15.Nxg7 Rd8 16.Qf3 Kxg7 17.Bh6+ Kg6 18.c3 Nh5 19.Be3 f5 20.Bc2 Nf6 21.g3 
Bxg3 22.Rg1 Bd7 23.Qxg3+ Qxg3 24.Rxg3+ Kf7 25.f3 Rg8 26.Rxg8 Rxg8 27.Rg1 
Rg6 28.Rxg6 hxg6 29.f4 Bc6+ 30.Kg1 Be4 31.Bd1 Nd5 32.Bd2 Ne7 33.c4 Nc6 34.
b4 Bd3 35.Bb3 Nd4 36.Kf2 Nxb3 37.axb3 Bc2 38.Ke3 Bxb3 39.Kd4 Ke7 40.c5 Kd7
41.Be1 Kc6 42.Bh4 Kb5 43.Be1 Bd5 44.Bd2 Ka4 45.Kc3 Ka3 46.Be3 g5 47.fxg5 
e5 48.g6 Ka4 49.Bg5 f4 50.Be7 Kb5 51.Bd6 f3 52.Kd2 e4 53.Ke3 Kc6 54.Bf8 
Kd7 55.g7 Ke8 56.Bd6 Kf7 57.Be5 Kg6 58.Bd4 Kf5 59.Bc3 Kg4 60.Be1 Kh3 61.
Bf2 Kg2 62.Bh4 Kh3 63.Kd4 1/2-1/2

[Event "28th Hoogeveen op"]
[Site "Hoogeveen NED"]
[Date "2025.10.20"]
[Round "3.19"]
[White "Grooten, Tommy"]
[Black "Stefan, Iulia-Cristiana"]
[Result "1-0"]
[WhiteElo "2160"]
[BlackElo "1997"]
[EventDate "2025.10.18"]
[PlyCount "55"]

1.Nf3 d5 2.c4 e6 3.g3 Nf6 4.Bg2 dxc4 5.Qa4+ c6 6.Qxc4 b5 7.Qb3 Bb7 8.O-O 
Nbd7 9.d4 Qb6 10.Nc3 a6 11.a4 Be7 12.Ne5 c5 13.Nxd7 Nxd7 14.d5 c4 15.Qd1 
Rd8 16.d6 Nc5 17.Bxb7 Rxd6 18.Qc2 Qxb7 19.axb5 axb5 20.Be3 Ra6 21.Bxc5 
Bxc5 22.Qe4 Bxf2+ 23.Kxf2 Qa7+ 24.Kg2 Rxa1 25.Nxb5 Qa5 26.Qc6+ Kd8 27.Rxa1
Qxa1 28.Qd6+ 1-0

[Event "28th Hoogeveen op"]
[Site "Hoogeveen NED"]
[Date "2025.10.20"]
[Round "3.20"]
[White "Winter, Sven"]
[Black "De Jong, Lode"]
[Result "1-0"]
[WhiteElo "2119"]
[BlackElo "1986"]
[EventDate "2025.10.18"]
[PlyCount "53"]

1.e4 c5 2.c3 Nf6 3.e5 Nd5 4.d4 cxd4 5.Nf3 Nc6 6.Bc4 Nb6 7.Bb3 d6 8.exd6 
Qxd6 9.O-O Be6 10.Na3 dxc3 11.Qe2 Bxb3 12.Nb5 Qb8 13.axb3 g6 14.Be3 Nd5 
15.Bxa7 Qd8 16.Rad1 Rc8 17.bxc3 Nxa7 18.Nxa7 Rc5 19.c4 Qb6 20.Nb5 Nf4 21.
Qa2 Qc6 22.Qa8+ Qc8 23.Qa4 Rxb5 24.Qxb5+ Qc6 25.Qe5 Ne2+ 26.Qxe2 Bg7 27.
Rfe1 1-0

[Event "28th Hoogeveen op"]
[Site "Hoogeveen NED"]
[Date "2025.10.20"]
[Round "3.21"]
[White "Odenthal, Aidan"]
[Black "Boeren, Jurriaan"]
[Result "1-0"]
[WhiteElo "2045"]
[BlackElo "2112"]
[EventDate "2025.10.18"]
[PlyCount "99"]

1.Nf3 Nf6 2.c4 e6 3.e3 b6 4.d4 Bb7 5.a3 c5 6.Nc3 cxd4 7.exd4 d5 8.Bg5 Be7 
9.Bxf6 Bxf6 10.cxd5 Bxd5 11.Bb5+ Bc6 12.Qa4 Qc7 13.Rc1 O-O 14.Bxc6 Qxc6 
15.Qb3 Rd8 16.O-O Na6 17.Nb5 Qb7 18.Rc3 g6 19.h3 Kg7 20.Rfc1 Rac8 21.Qa4 
Rxc3 22.Rxc3 Rd5 23.Qc4 h5 24.Re3 Qd7 25.Nc3 b5 26.Qe2 Rf5 27.Re4 b4 28.
Qxa6 bxc3 29.bxc3 Qd5 30.Re3 g5 31.Qxa7 g4 32.hxg4 hxg4 33.Nh2 Rf4 34.Qa6 
e5 35.dxe5 Bxe5 36.Qe2 Bd6 37.Nxg4 Qh5 38.Ne5 Qf5 39.g3 Qg5 40.Nf3 Qg6 41.
Qd3 Ra4 42.Qxg6+ Kxg6 43.Rd3 Bc5 44.Ne5+ Kg7 45.Rd5 Bb6 46.Rd7 Rxa3 47.
Rxf7+ Kg8 48.Rf3 Bc7 49.Nc4 Ra4 50.Ne3 1-0

[Event "28th Hoogeveen op"]
[Site "Hoogeveen NED"]
[Date "2025.10.20"]
[Round "3.22"]
[White "Westerlaan, Sander"]
[Black "Kamphuis, Jasper"]
[Result "1-0"]
[WhiteElo "2034"]
[BlackElo "2104"]
[EventDate "2025.10.18"]
[PlyCount "71"]

1.d4 Nf6 2.c4 g6 3.Nc3 Bg7 4.e4 d6 5.h3 O-O 6.Be3 c5 7.d5 Qa5 8.Bd3 a6 9.
a4 Nbd7 10.Nf3 e5 11.g4 Nxe4 12.Bxe4 f5 13.gxf5 gxf5 14.Bc2 e4 15.Nd2 f4 
16.Nb3 Qd8 17.Bc1 e3 18.Qh5 Nf6 19.Qh4 Bd7 20.fxe3 f3 21.O-O Rf7 22.Rxf3 
Qe7 23.Bd2 Kh8 24.Raf1 Rg8 25.Kh1 Qe5 26.Bxh7 Nh5 27.Bg6 Bh6 28.Qxh5 Qxh5 
29.Bxh5 Rh7 30.Rf7 Bg7 31.Rxd7 Rxh5 32.Rf3 Be5 33.Ne2 Rhg5 34.Bc3 Rg2 35.
Bxe5+ dxe5 36.Rff7 1-0

[Event "28th Hoogeveen op"]
[Site "Hoogeveen NED"]
[Date "2025.10.20"]
[Round "3.23"]
[White "Mijnheer, Peter"]
[Black "Baarspul, Bram"]
[Result "1/2-1/2"]
[WhiteElo "2104"]
[BlackElo "1894"]
[EventDate "2025.10.18"]
[PlyCount "29"]

1.d4 Nf6 2.c4 g6 3.Nc3 d5 4.cxd5 Nxd5 5.Bd2 c5 6.e4 Nxc3 7.Bxc3 cxd4 8.
Qxd4 Qxd4 9.Bxd4 f6 10.f4 Nc6 11.Bc3 e5 12.fxe5 Nxe5 13.Nf3 Nxf3+ 14.gxf3 
Kf7 15.Bc4+ 1/2-1/2

[Event "28th Hoogeveen op"]
[Site "Hoogeveen NED"]
[Date "2025.10.20"]
[Round "3.24"]
[White "Struik, Marcel"]
[Black "Van Veelen, Thomas"]
[Result "0-1"]
[WhiteElo "1945"]
[BlackElo "2081"]
[EventDate "2025.10.18"]
[PlyCount "66"]

1.Nc3 d5 2.e4 d4 3.Nce2 e5 4.Ng3 Be6 5.Nf3 f6 6.Bb5+ c6 7.Ba4 Nd7 8.Bb3 
Nc5 9.Bxe6 Nxe6 10.d3 Qd7 11.O-O O-O-O 12.a4 h5 13.Nd2 Ne7 14.Nc4 h4 15.
Ne2 g5 16.Bd2 Kb8 17.Ba5 Re8 18.c3 c5 19.cxd4 cxd4 20.Bb4 Ng6 21.Bxf8 
Rexf8 22.b4 Nef4 23.Rc1 Nxg2 24.Nxd4 Qxd4 25.Kxg2 Nf4+ 26.Kg1 g4 27.Ne3 g3
28.Qf3 Nh3+ 29.Kg2 Nxf2 30.Rxf2 gxf2 31.Kxf2 Rhg8 32.Rc4 Qxd3 33.Rc1 Qd2+ 
0-1

[Event "28th Hoogeveen op"]
[Site "Hoogeveen NED"]
[Date "2025.10.20"]
[Round "3.25"]
[White "Fikh, Anthony"]
[Black "Groenewoud, Joel"]
[Result "1/2-1/2"]
[WhiteElo "1942"]
[BlackElo "2175"]
[EventDate "2025.10.18"]
[PlyCount "89"]

1.Nf3 Nf6 2.c4 g6 3.Nc3 Bg7 4.e4 d6 5.d4 O-O 6.Be2 e5 7.O-O Nc6 8.d5 Ne7 
9.Ne1 Nd7 10.Be3 f5 11.f3 f4 12.Bf2 g5 13.Rc1 Rf7 14.Nb5 b6 15.b4 a6 16.
Nc3 a5 17.a3 Ng6 18.Nd3 Bf8 19.c5 axb4 20.axb4 dxc5 21.bxc5 Nxc5 22.Nxc5 
bxc5 23.Na4 h5 24.Nxc5 Bd6 25.Ra1 Rxa1 26.Qxa1 Qf6 27.Rb1 g4 28.Ne6 g3 29.
Ba7 gxh2+ 30.Kh1 Bxe6 31.dxe6 Rg7 32.Qa2 Kh7 33.Bf2 Nh4 34.Bf1 Qg5 35.Rb8 
Nxg2 36.Qa8 Ne3 37.Rh8+ Kg6 38.Qe8+ Kf6 39.Bh4 Qxh4 40.Rh6+ Kg5 41.Qh8 Rg6
42.Rxg6+ Kxg6 43.Qg8+ Kh6 44.Qh8+ Kg6 45.Qg8+ 1/2-1/2

[Event "28th Hoogeveen op"]
[Site "Hoogeveen NED"]
[Date "2025.10.20"]
[Round "3.26"]
[White "Gerrits, Augustin"]
[Black "Lind, Jacco"]
[Result "0-1"]
[WhiteElo "2074"]
[BlackElo "2045"]
[EventDate "2025.10.18"]
[PlyCount "76"]

1.e4 e5 2.Nf3 Nc6 3.Bc4 Nf6 4.d3 h6 5.Nc3 a6 6.d4 exd4 7.Nxd4 Bb4 8.Nxc6 
bxc6 9.e5 Qe7 10.O-O Bxc3 11.bxc3 Ne4 12.Qd4 Ng5 13.f4 Ne6 14.Bxe6 fxe6 
15.a4 c5 16.Qe4 Rb8 17.Be3 O-O 18.Rab1 Rb6 19.Rxb6 cxb6 20.Rd1 Qd8 21.Rd6 
Qc7 22.Qg6 Bb7 23.Qd3 Rf7 24.g4 c4 25.Qf1 b5 26.axb5 axb5 27.h3 Ba8 28.Qe2
Qb7 29.Kh2 g5 30.Rd4 Qh1+ 31.Kg3 Bc6 32.Qf2 Be4 33.Qe2 Bd5 34.Qf2 Be4 35.
Qe2 h5 36.gxh5 gxf4+ 37.Kh4 Bf3 38.Qf2 Rf5 0-1

[Event "28th Hoogeveen op"]
[Site "Hoogeveen NED"]
[Date "2025.10.20"]
[Round "3.27"]
[White "Riechenberg, Sebastian"]
[Black "Li, Hewei"]
[Result "1/2-1/2"]
[WhiteElo "2073"]
[BlackElo "2022"]
[EventDate "2025.10.18"]
[PlyCount "27"]

1.b3 b6 2.g3 g6 3.Bg2 Bg7 4.Bxa8 Bxa1 5.c3 c6 6.Na3 Na6 7.Nc2 Bxc3 8.dxc3 
Nc7 9.Bxc6 dxc6 10.Qxd8+ Kxd8 11.e4 e5 12.f3 f6 13.Kf2 Ne7 14.Ne2 1/2-1/2

[Event "28th Hoogeveen op"]
[Site "Hoogeveen NED"]
[Date "2025.10.20"]
[Round "3.28"]
[White "Duchene, Rene"]
[Black "Bakels, Anton"]
[Result "1/2-1/2"]
[WhiteElo "2055"]
[BlackElo "1981"]
[EventDate "2025.10.18"]
[PlyCount "77"]

1.g3 Nf6 2.Bg2 g6 3.Nf3 Bg7 4.O-O O-O 5.c4 d6 6.Nc3 c5 7.d4 Nc6 8.dxc5 
dxc5 9.Bf4 Be6 10.Ne5 Nxe5 11.Bxe5 Bxc4 12.Bxb7 Qxd1 13.Rfxd1 Rad8 14.Bf3 
Be6 15.Rac1 Nd7 16.Bxg7 Kxg7 17.Bd5 Bxd5 18.Nxd5 e6 19.Ne3 Kf6 20.Rd6 Ke7 
21.Ra6 Ra8 22.Nc4 Rfb8 23.b3 Rc8 24.f4 Rc7 25.Kg2 Rb8 26.Kf3 Nb6 27.e4 f6 
28.g4 Nxc4 29.Rxc4 Rb6 30.Rca4 Rbb7 31.e5 fxe5 32.fxe5 Rd7 33.Kf4 h6 34.
Ke4 g5 35.h3 Rbc7 36.Rc4 Rd1 37.Rc3 Rd4+ 38.Kf3 Rd5 39.Ke4 1/2-1/2

[Event "28th Hoogeveen op"]
[Site "Hoogeveen NED"]
[Date "2025.10.20"]
[Round "3.29"]
[White "Albin, Sajan"]
[Black "Labruyere, Roger"]
[Result "1/2-1/2"]
[WhiteElo "2101"]
[BlackElo "2205"]
[EventDate "2025.10.18"]
[PlyCount "188"]

1.d4 Nf6 2.c4 e6 3.Nc3 d5 4.cxd5 exd5 5.Bg5 c6 6.e3 Bf5 7.Qf3 Bg6 8.Bxf6 
Qxf6 9.Qxf6 gxf6 10.Nf3 a5 11.Nh4 a4 12.a3 Be7 13.Be2 f5 14.g3 Nd7 15.Ng2 
b5 16.O-O h5 17.h4 Bd6 18.Nf4 Bxf4 19.exf4 Nf8 20.Rac1 Ne6 21.Rfd1 Kd7 22.
Na2 Rhc8 23.Nb4 Kd6 24.f3 f6 25.Kf2 Be8 26.Bf1 Bf7 27.Bh3 Bg6 28.Nc2 Rab8 
29.Nb4 Rb6 30.Rd2 Rb7 31.Re1 Rbc7 32.Na6 Rg7 33.Nb4 Rcg8 34.Rc1 Be8 35.Rg1
Nxf4 36.Bxf5 Bd7 37.Nd3 Nxd3+ 38.Bxd3 Rb8 39.Bc2 Be6 40.Re2 Bd7 41.Ra1 Rb7
42.Rae1 b4 43.Bxa4 bxa3 44.b3 Rb4 45.Rd2 c5 46.dxc5+ Kxc5 47.Rc1+ Kd6 48.
Bxd7 Rxd7 49.Rcd1 Kc6 50.Rd3 Kc5 51.Rc3+ Kb6 52.Rdc1 d4 53.Rd3 Rc7 54.Ra1 
Rc2+ 55.Ke1 a2 56.Rd2 Rxd2 57.Kxd2 Rxb3 58.Rxa2 Rxf3 59.Ra4 Kc5 60.Ra5+ 
Kc4 61.Rxh5 Rxg3 62.Rf5 Rg2+ 63.Ke1 Rh2 64.Rxf6 Rxh4 65.Rf3 Rh2 66.Kd1 Kd5
67.Ra3 Ke4 68.Rb3 Rf2 69.Rh3 Kd5 70.Rg3 Kc4 71.Rh3 Rf4 72.Kd2 Rg4 73.Kd1 
Rg1+ 74.Kd2 Rg2+ 75.Kd1 Rb2 76.Kc1 Rb5 77.Kd2 Ra5 78.Rg3 Ra2+ 79.Kd1 Rh2 
80.Rf3 Rg2 81.Rh3 Rf2 82.Rg3 Kd5 83.Rg5+ Ke4 84.Rg3 Rh2 85.Ra3 Kf4 86.Rb3 
Rh7 87.Kd2 Re7 88.Ra3 Rh7 89.Rb3 Ke4 90.Ra3 Rh2+ 91.Kd1 d3 92.Ra8 Rh1+ 93.
Kd2 Rh2+ 94.Kd1 Rh1+ 1/2-1/2

[Event "28th Hoogeveen op"]
[Site "Hoogeveen NED"]
[Date "2025.10.20"]
[Round "3.30"]
[White "Moghe, Parth"]
[Black "Van Helvoort, Rob"]
[Result "1-0"]
[WhiteElo "2199"]
[BlackElo "2095"]
[EventDate "2025.10.18"]
[PlyCount "65"]

1.d3 d5 2.Nf3 c5 3.c3 Nc6 4.Qc2 e5 5.e4 d4 6.Nbd2 Be6 7.Be2 f6 8.Nf1 Bd6 
9.Ng3 Nge7 10.h4 h5 11.O-O g6 12.Nh2 Qc7 13.Bd2 O-O-O 14.Qc1 f5 15.f4 exf4
16.Bxf4 Bxf4 17.Qxf4 Qxf4 18.Rxf4 c4 19.dxc4 d3 20.Bf1 Ne5 21.b3 g5 22.
hxg5 h4 23.Nxf5 N7g6 24.Rf2 Rd7 25.Rd1 Rh5 26.Nd4 Bg4 27.Nhf3 h3 28.gxh3 
Bxh3 29.Nxe5 Rxg5+ 30.Kh2 Nxe5 31.Bxh3 Ng4+ 32.Bxg4 Rxg4 33.Rxd3 1-0

[Event "28th Hoogeveen op"]
[Site "Hoogeveen NED"]
[Date "2025.10.20"]
[Round "3.31"]
[White "Van de Pavoordt, Max"]
[Black "Grooten, Herman"]
[Result "1-0"]
[WhiteElo "2098"]
[BlackElo "2183"]
[EventDate "2025.10.18"]
[PlyCount "75"]

1.c4 e5 2.g3 Nc6 3.Bg2 g6 4.Nc3 Bg7 5.e4 d6 6.Nge2 Be6 7.d3 Qd7 8.h3 f5 9.
Nd5 Nd8 10.exf5 gxf5 11.d4 c6 12.Ne3 Ne7 13.f4 e4 14.d5 Bf7 15.g4 cxd5 16.
cxd5 Qb5 17.O-O Qc5 18.Kh2 h5 19.gxf5 Nxd5 20.Nxd5 Bxd5 21.Ng3 Nc6 22.Be3 
Qxe3 23.Qxd5 O-O-O 24.Nxe4 Kb8 25.f6 Bh6 26.Ng5 Rd7 27.Rae1 Qd4 28.Qf5 Kc8
29.f7 Bxg5 30.fxg5 Kc7 31.f8=Q Rxf8 32.Qxf8 Ne5 33.Rc1+ Kb6 34.Qf2 Qxf2 
35.Rxf2 Nd3 36.Rcf1 Nxf2 37.Rxf2 h4 38.g6 1-0

[Event "28th Hoogeveen op"]
[Site "Hoogeveen NED"]
[Date "2025.10.20"]
[Round "3.32"]
[White "Van der Lubben, Arno"]
[Black "Aravindhan, Achyuth"]
[Result "0-1"]
[WhiteElo "2005"]
[BlackElo "2144"]
[EventDate "2025.10.18"]
[PlyCount "52"]

1.d4 d5 2.c4 dxc4 3.e4 e5 4.Nf3 Bb4+ 5.Nbd2 c3 6.bxc3 Bxc3 7.Rb1 exd4 8.
Bc4 Nc6 9.O-O a6 10.h3 h6 11.Nb3 Nge7 12.Bb2 Bxb2 13.Rxb2 O-O 14.Rd2 Ng6 
15.Nbxd4 Nxd4 16.Nxd4 Qg5 17.Rd3 Nf4 18.Rg3 Qc5 19.Ne2 Nh5 20.Rc3 Qe7 21.
Nd4 Nf6 22.Re1 c5 23.Nf5 Bxf5 24.exf5 Qc7 25.a4 Rab8 26.Rce3 b5 0-1

[Event "28th Hoogeveen op"]
[Site "Hoogeveen NED"]
[Date "2025.10.20"]
[Round "3.33"]
[White "Mellema, Andries"]
[Black "Xu, Alex"]
[Result "1/2-1/2"]
[WhiteElo "2142"]
[BlackElo "2027"]
[EventDate "2025.10.18"]
[PlyCount "76"]

1.e4 c5 2.Nf3 d6 3.d4 cxd4 4.Nxd4 Nf6 5.Nc3 a6 6.h3 e5 7.Nde2 h5 8.Bg5 Be6
9.Bxf6 Qxf6 10.Nd5 Qd8 11.Nec3 g6 12.Bc4 Bh6 13.O-O O-O 14.Qd3 Nc6 15.Rad1
Rc8 16.Bb3 Nd4 17.f4 Nxb3 18.cxb3 exf4 19.Nxf4 Qg5 20.Kh1 Rcd8 21.Ncd5 Kh7
22.Rf2 Qh4 23.Rdf1 Bg7 24.Qe3 Rc8 25.Nc3 Rce8 26.Qd3 Qd8 27.Ncd5 Bd7 28.
Ne3 Bb5 29.Nc4 Qe7 30.Nd5 Qxe4 31.Qxe4 Rxe4 32.Nxd6 Bxf1 33.Nxe4 Bb5 34.
Ng5+ Kh8 35.Nxf7+ Kg8 36.Ne7+ Kh7 37.Ng5+ Kh6 38.Nf7+ Kh7 1/2-1/2

[Event "28th Hoogeveen op"]
[Site "Hoogeveen NED"]
[Date "2025.10.20"]
[Round "3.34"]
[White "Yekeler, Kerem Sarp"]
[Black "Gergin, Isafara"]
[Result "1-0"]
[WhiteElo "2112"]
[BlackElo "1984"]
[EventDate "2025.10.18"]
[PlyCount "51"]

1.e4 c6 2.Nf3 d5 3.Nc3 dxe4 4.Nxe4 Nf6 5.Qe2 Nxe4 6.Qxe4 Be6 7.c4 Nd7 8.d4
Nf6 9.Qc2 Bg4 10.Be3 Bxf3 11.gxf3 g6 12.O-O-O Bg7 13.Kb1 Qa5 14.h4 h5 15.
Bh3 b5 16.d5 cxd5 17.cxd5 O-O 18.Bc5 Rfe8 19.Be6 Kf8 20.Rhg1 Rec8 21.Bxc8 
Qc7 22.Be6 fxe6 23.Qxg6 Ne8 24.dxe6 Qf4 25.Rd5 Kg8 26.Rf5 1-0

[Event "28th Hoogeveen op"]
[Site "Hoogeveen NED"]
[Date "2025.10.21"]
[Round "4.1"]
[White "Harikrishnan.A.Ra,"]
[Black "Harshavardhan, G. B."]
[Result "1/2-1/2"]
[WhiteElo "2534"]
[BlackElo "2476"]
[EventDate "2025.10.18"]
[PlyCount "41"]

1.Nf3 c5 2.c4 Nc6 3.g3 g6 4.Bg2 Bg7 5.Nc3 d6 6.O-O Bf5 7.a3 Qd7 8.b4 h5 9.
bxc5 dxc5 10.Bb2 Rc8 11.h4 Nh6 12.d3 Bh3 13.Qd2 Bxg2 14.Kxg2 O-O 15.Nd5 
Nf5 16.Bxg7 Kxg7 17.Qb2+ f6 18.Rfb1 b6 19.a4 e6 20.Nc3 Nfe7 21.Ne4 1/2-1/2

[Event "28th Hoogeveen op"]
[Site "Hoogeveen NED"]
[Date "2025.10.21"]
[Round "4.2"]
[White "Abdisalimov, Abdimalik"]
[Black "Beerdsen, Thomas"]
[Result "1/2-1/2"]
[WhiteElo "2501"]
[BlackElo "2528"]
[EventDate "2025.10.18"]
[PlyCount "74"]

1.d4 d5 2.c4 e6 3.Nf3 Nf6 4.Nc3 Bb4 5.Qa4+ Nc6 6.e3 O-O 7.Bd2 dxc4 8.Bxc4 
Bd6 9.Qc2 e5 10.dxe5 Nxe5 11.Nxe5 Bxe5 12.f4 Bxc3 13.Bxc3 Ng4 14.Bd4 c5 
15.Bxc5 Re8 16.O-O Nxe3 17.Bxe3 Rxe3 18.Qf2 Qb6 19.Rfe1 Rxe1+ 20.Rxe1 
Qxf2+ 21.Kxf2 Kf8 22.Bd5 Bd7 23.Re3 Rc8 24.Bxb7 Rb8 25.Rb3 Ba4 26.Ra3 Rxb7
27.Rxa4 Rxb2+ 28.Kf3 Rb7 29.h4 h5 30.f5 f6 31.Ra5 Ke7 32.g4 hxg4+ 33.Kxg4 
Kf7 34.Kh5 Kg8 35.Kg6 Rb4 36.Rxa7 Rg4+ 37.Kh5 Rf4 1/2-1/2

[Event "28th Hoogeveen op"]
[Site "Hoogeveen NED"]
[Date "2025.10.21"]
[Round "4.3"]
[White "Chanda, Sandipan"]
[Black "Raja, Harshit"]
[Result "1/2-1/2"]
[WhiteElo "2467"]
[BlackElo "2476"]
[EventDate "2025.10.18"]
[PlyCount "114"]

1.d4 Nf6 2.Bf4 g6 3.c3 Bg7 4.Nd2 d6 5.e4 O-O 6.Ngf3 Nbd7 7.Be2 Qe8 8.e5 
dxe5 9.Nxe5 c5 10.O-O cxd4 11.cxd4 Nb6 12.a4 Be6 13.a5 Nbd5 14.Bg3 Rc8 15.
Bc4 Nc7 16.a6 bxa6 17.Qe2 Bxc4 18.Ndxc4 Qb5 19.Ra5 Qb7 20.Qf3 Qxf3 21.gxf3
Nb5 22.Rxa6 Nxd4 23.Rxa7 Nh5 24.Rxe7 Nxf3+ 25.Nxf3 Rxc4 26.Rb7 Nxg3 27.
hxg3 Rcc8 28.b4 Rb8 29.Rxb8 Rxb8 30.Rb1 Rb5 31.Ne1 Bd4 32.Kf1 Bb6 33.Nd3 
Kg7 34.Rc1 Kf6 35.Rc8 Bd4 36.Ke2 Ke6 37.Rc7 h5 38.f4 Bf6 39.Ke3 Bd8 40.Rc8
Be7 41.Kd4 Rd5+ 42.Kc4 Rxd3 43.Kxd3 Bxb4 44.Ke4 Be1 45.Kf3 Kf6 46.Rc1 Bd2 
47.Rd1 Bb4 48.Rb1 Bc3 49.Rb6+ Kf5 50.Rb5+ Kf6 51.Ke4 Be1 52.Rb3 Bf2 53.Ra3
Be1 54.Ra6+ Kg7 55.Kf3 Bd2 56.Rd6 Bb4 57.Rd5 Kf6 1/2-1/2

[Event "28th Hoogeveen op"]
[Site "Hoogeveen NED"]
[Date "2025.10.21"]
[Round "4.4"]
[White "Korchynskyi, Mykola"]
[Black "Soumya, Swaminathan"]
[Result "1/2-1/2"]
[WhiteElo "2382"]
[BlackElo "2238"]
[EventDate "2025.10.18"]
[PlyCount "85"]

1.d4 Nf6 2.c4 c5 3.d5 e6 4.Nc3 exd5 5.cxd5 d6 6.e4 g6 7.h3 Bg7 8.Nf3 O-O 
9.Bd3 b5 10.Nxb5 Re8 11.O-O Nxe4 12.Re1 a6 13.Qa4 Nf6 14.Rxe8+ Nxe8 15.Bg5
Qb6 16.Na3 Nd7 17.Re1 Nef6 18.Nc4 Qb8 19.Na5 h6 20.Nc6 Qc7 21.Ne7+ Kf8 22.
Bxf6 Nxf6 23.Nxc8 Rxc8 24.Bc4 a5 25.b3 Qb6 26.a3 Qc7 27.g3 Nd7 28.Bb5 Rd8 
29.Qe4 Nf6 30.Qd3 Rb8 31.Bc6 Nd7 32.Qe3 Qd8 33.Kg2 Kg8 34.Qd3 Bf6 35.h4 h5
36.Re3 Kg7 37.Qe2 Ne5 38.Nxe5 Bxe5 39.Rf3 Qb6 40.Re3 Bd4 41.Rf3 Qc7 42.Qe4
Be5 43.Re3 1/2-1/2

[Event "28th Hoogeveen op"]
[Site "Hoogeveen NED"]
[Date "2025.10.21"]
[Round "4.5"]
[White "De Jong, Migchiel"]
[Black "De Boer, Eelke"]
[Result "1-0"]
[WhiteElo "2258"]
[BlackElo "2456"]
[EventDate "2025.10.18"]
[PlyCount "111"]

1.Nf3 d5 2.g3 g6 3.Bg2 Bg7 4.d4 c6 5.O-O Nf6 6.Ne5 Ng4 7.Nxg4 Bxg4 8.c3 
Qd7 9.Nd2 h5 10.f3 Bh3 11.e4 Bxg2 12.Kxg2 Qc7 13.e5 c5 14.Nb3 Nd7 15.Be3 
e6 16.f4 Bf8 17.Rc1 b5 18.Qe2 Rb8 19.Nd2 Be7 20.Nf3 c4 21.h3 Nb6 22.g4 
hxg4 23.hxg4 Kd7 24.Ng5 Bxg5 25.fxg5 Rh7 26.Rh1 Rbh8 27.Rh6 Qd8 28.Qf2 Qg8
29.Rch1 Ke8 30.Qh4 Rxh6 31.gxh6 g5 32.Qxg5 Qh7 33.Kg3 Rg8 34.Qf4 Nd7 35.
Rf1 Nf8 36.b3 Qg6 37.bxc4 bxc4 38.Rf2 Kd8 39.Qf6+ Qxf6 40.Rxf6 Ke7 41.Rf2 
Nh7 42.Rb2 Ra8 43.Rb7+ Kf8 44.g5 Kg8 45.g6 fxg6 46.Rg7+ Kh8 47.Kg4 a5 48.
Bg5 Rf8 49.Rxg6 Nxg5 50.Kxg5 Rf3 51.Rxe6 Rxc3 52.Re8+ Kh7 53.Re7+ Kh8 54.
e6 Rg3+ 55.Kf4 Rg8 56.Rc7 1-0

[Event "28th Hoogeveen op"]
[Site "Hoogeveen NED"]
[Date "2025.10.21"]
[Round "4.6"]
[White "Zwirs, Nico"]
[Black "Ten Dam, Bram"]
[Result "1-0"]
[WhiteElo "2441"]
[BlackElo "2185"]
[EventDate "2025.10.18"]
[PlyCount "89"]

1.e4 d6 2.d4 Nf6 3.Nc3 e5 4.Nf3 Nbd7 5.Rg1 g6 6.g4 Bg7 7.g5 Nh5 8.Be3 O-O 
9.Qd2 c6 10.O-O-O Qa5 11.a3 b5 12.d5 b4 13.axb4 Qa1+ 14.Nb1 Nb6 15.dxc6 
Be6 16.Qc3 d5 17.Qa3 Qxa3 18.Nxa3 d4 19.Bd2 a6 20.c4 Rfc8 21.b3 Rxc6 22.
Kb2 Nd7 23.Ne1 f5 24.Bg2 f4 25.Bf3 Rb8 26.Nd3 Bf8 27.Ra1 Ng7 28.Nc2 Bd6 
29.Ra2 Ne8 30.Rga1 Nc7 31.Ra5 Bf8 32.h4 Bg7 33.Na3 Ne8 34.Nc2 Nc7 35.Na3 
Ne8 36.b5 axb5 37.Nxb5 Nb6 38.Nb4 Rcc8 39.Be2 Nd7 40.Na7 Rc5 41.Nac6 Rb6 
42.Ra8 Bf7 43.R1a7 Rcxc6 44.Rxd7 Rc5 45.Nd5 1-0

[Event "28th Hoogeveen op"]
[Site "Hoogeveen NED"]
[Date "2025.10.21"]
[Round "4.7"]
[White "Grooten, Tommy"]
[Black "Maris, Ivo"]
[Result "1/2-1/2"]
[WhiteElo "2160"]
[BlackElo "2389"]
[EventDate "2025.10.18"]
[PlyCount "27"]

1.Nf3 Nf6 2.c4 e6 3.g3 b6 4.Bg2 Bb7 5.O-O c5 6.Nc3 Be7 7.d4 cxd4 8.Qxd4 
Nc6 9.Qd2 Na5 10.b3 d5 11.cxd5 Nxd5 12.Nxd5 Qxd5 13.Qxd5 Bxd5 14.Bb2 
1/2-1/2

[Event "28th Hoogeveen op"]
[Site "Hoogeveen NED"]
[Date "2025.10.21"]
[Round "4.8"]
[White "Miezis, Normunds"]
[Black "Winter, Sven"]
[Result "1-0"]
[WhiteElo "2374"]
[BlackElo "2119"]
[EventDate "2025.10.18"]
[PlyCount "80"]

1.c4 c6 2.e4 d5 3.cxd5 cxd5 4.exd5 Nf6 5.Nf3 Nxd5 6.Nc3 Nc6 7.Bb5 g6 8.Qa4
Nb6 9.Qh4 Bg7 10.d4 O-O 11.Bxc6 bxc6 12.O-O Nd5 13.Bh6 f6 14.Bxg7 Kxg7 15.
Rfe1 Rb8 16.Re2 Qd6 17.Qg3 Qxg3 18.hxg3 Re8 19.Ne4 Bf5 20.Nc5 g5 21.a3 h5 
22.Rc1 Kf7 23.b4 Rh8 24.Nh2 g4 25.Nf1 h4 26.Ne3 e6 27.Nxd5 cxd5 28.Nxe6 
Be4 29.Nc5 Rbc8 30.Rce1 f5 31.Re3 hxg3 32.fxg3 Rh5 33.Kf2 Rh2 34.Rg1 Rch8 
35.b5 Rh1 36.a4 R8h2 37.Rxh1 Rxh1 38.Re1 Rh8 39.Rc1 Rc8 40.Rc3 Kg6 1-0